|
|
|
|
| LEADER |
02453nam a22004935i 4500 |
| 001 |
978-3-319-25196-7 |
| 003 |
DE-He213 |
| 005 |
20161123112846.0 |
| 007 |
cr nn 008mamaa |
| 008 |
161123s2016 gw | s |||| 0|eng d |
| 020 |
|
|
|a 9783319251967
|9 978-3-319-25196-7
|
| 024 |
7 |
|
|a 10.1007/978-3-319-25196-7
|2 doi
|
| 040 |
|
|
|d GrThAP
|
| 050 |
|
4 |
|a TP807-823
|
| 050 |
|
4 |
|a TA418.9.C6
|
| 072 |
|
7 |
|a TDCQ
|2 bicssc
|
| 072 |
|
7 |
|a TEC021000
|2 bisacsh
|
| 082 |
0 |
4 |
|a 620.14
|2 23
|
| 245 |
1 |
0 |
|a Photochemical Behavior of Multicomponent Polymeric-based Materials
|h [electronic resource] /
|c edited by Dan Rosu, Visakh P. M.
|
| 264 |
|
1 |
|a Cham :
|b Springer International Publishing :
|b Imprint: Springer,
|c 2016.
|
| 300 |
|
|
|a VIII, 405 p. 187 illus., 42 illus. in color.
|b online resource.
|
| 336 |
|
|
|a text
|b txt
|2 rdacontent
|
| 337 |
|
|
|a computer
|b c
|2 rdamedia
|
| 338 |
|
|
|a online resource
|b cr
|2 rdacarrier
|
| 347 |
|
|
|a text file
|b PDF
|2 rda
|
| 490 |
1 |
|
|a Advanced Structured Materials,
|x 1869-8433 ;
|v 26
|
| 505 |
0 |
|
|a From the Contents: Theoretical aspects regarding polymer photochemistry -- Factors influencing the photochemical behavior of multicomponent polymeric materials -- Polymer materials: photodegradation mechanism.
|
| 520 |
|
|
|a This book offers in-depth insights into the photochemical behavior of multicomponent polymeric-based materials, with a particular emphasis on the photodegradation and photostabilization of these materials. Studying various classes of materials bases such as polysaccharides, wood, synthetic polymers, rubber blends, and nanocomposites, it offers a valuable reference source for graduate and postgraduate students, engineering students, research scholars and polymer engineers working in industry.
|
| 650 |
|
0 |
|a Materials science.
|
| 650 |
|
0 |
|a Polymers.
|
| 650 |
|
0 |
|a Continuum mechanics.
|
| 650 |
1 |
4 |
|a Materials Science.
|
| 650 |
2 |
4 |
|a Ceramics, Glass, Composites, Natural Methods.
|
| 650 |
2 |
4 |
|a Polymer Sciences.
|
| 650 |
2 |
4 |
|a Continuum Mechanics and Mechanics of Materials.
|
| 700 |
1 |
|
|a Rosu, Dan.
|e editor.
|
| 700 |
1 |
|
|a Visakh P. M.
|e editor.
|
| 710 |
2 |
|
|a SpringerLink (Online service)
|
| 773 |
0 |
|
|t Springer eBooks
|
| 776 |
0 |
8 |
|i Printed edition:
|z 9783319251943
|
| 830 |
|
0 |
|a Advanced Structured Materials,
|x 1869-8433 ;
|v 26
|
| 856 |
4 |
0 |
|u http://dx.doi.org/10.1007/978-3-319-25196-7
|z Full Text via HEAL-Link
|
| 912 |
|
|
|a ZDB-2-CMS
|
| 950 |
|
|
|a Chemistry and Materials Science (Springer-11644)
|